[Event "Nacional Sub 14 Femenino"]
[Site "Santiago de Cali Valle"]
[Date "????.??.??"]
[Round "4.7"]
[White "Loaiza, Yurani"]
[Black "Moreno, Ana Maria"]
[Result "0-1"]
[WhiteElo "1411"]
[BlackElo "1634"]
[PlyCount "80"]
[EventDate "2007.03.30"]

1. e4 c5 2. Nf3 d6 3. Bb5+ Bd7 4. Bxd7+ Nxd7 5. c4 Ngf6 6. Nc3 a6 7. d4 cxd4 8.
Nxd4 e5 9. Nde2 b5 10. cxb5 axb5 11. Nxb5 Qa5+ 12. Nbc3 Nxe4 13. O-O Nef6 14.
Bd2 Qc7 15. Rc1 Nc5 16. Re1 Be7 17. Ng3 O-O 18. Be3 Rfd8 19. Nd5 Nxd5 20. Qxd5
Qa5 21. Bxc5 dxc5 22. Qxe5 Bd6 23. Qe4 Qxa2 24. Ra1 Qxa1 25. Rxa1 Rxa1+ 26. Nf1
Bxh2+ 27. Kxh2 Rxf1 28. Kg3 Rfd1 29. f3 R1d2 30. Qe7 R2d5 31. Kg4 g6 32. Kf4
Rd4+ 33. Kg3 R8d5 34. Qe3 Kg7 35. Qc3 g5 36. Kf2 Kg6 37. Qc2+ f5 38. Kg3 Rd2
39. Qb1 h5 40. Qe1 Kf6 0-1

[Event "Nacional Sub 14 Femenino"]
[Site "Santiago de Cali Valle"]
[Date "????.??.??"]
[Round "4.8"]
[White "Renteria, Manuela"]
[Black "Calderon, Karen"]
[Result "0-1"]
[WhiteElo "1605"]
[BlackElo "1483"]
[PlyCount "76"]
[EventDate "2007.03.30"]

1. e4 c5 2. Nf3 d6 3. d4 cxd4 4. Nxd4 Nf6 5. Nc3 a6 6. f3 e6 7. Be3 Nc6 8. Qd2
Qc7 9. O-O-O b5 10. Nb3 Bb7 11. Kb1 Rc8 12. Bf4 Rd8 13. g4 e5 14. Be3 b4 15.
Nd5 Nxd5 16. exd5 Ne7 17. Qxb4 Nxd5 18. Qd2 Nxe3 19. Qxe3 Be7 20. Bd3 O-O 21.
h4 Rb8 22. g5 f5 23. gxf6 Rxf6 24. Rdf1 Rbf8 25. Rh3 Rf4 26. Rg3 Bxh4 27. Rh3
h6 28. Qg1 Bg5 29. Nd2 d5 30. Bg6 R4f6 31. Bh5 Bxd2 32. Qg3 Rc8 33. c3 d4 34.
Rg1 dxc3 35. bxc3 Rb6+ 36. Kc2 Qxc3+ 37. Kd1 Rb1+ 38. Ke2 Qe3# 0-1

[Event "Nacional Sub 14 Femenino"]
[Site "Santiago de Cali Valle"]
[Date "????.??.??"]
[Round "4.9"]
[White "Gaviria, Maria"]
[Black "Chavez, Diana"]
[Result "0-1"]
[WhiteElo "1327"]
[BlackElo "1603"]
[PlyCount "94"]
[EventDate "2007.03.30"]

1. e4 c5 2. Nf3 Nc6 3. Nc3 Nf6 4. d3 e6 5. a3 Be7 6. Be2 O-O 7. O-O d5 8. exd5
exd5 9. Bg5 d4 10. Na2 Be6 11. Re1 Nd5 12. Qd2 Bg4 13. Bxe7 Ncxe7 14. h3 Bh5
15. Qg5 Bg6 16. Nh2 Nf5 17. Qxd8 Raxd8 18. Bf3 a6 19. b4 b6 20. bxc5 bxc5 21.
Re5 Nfe7 22. Be4 Bxe4 23. dxe4 Nf6 24. Rxc5 Ng6 25. f3 Rc8 26. Rxc8 Rxc8 27.
Rc1 Nf4 28. Kf2 a5 29. Ng4 Nxg4+ 30. hxg4 d3 31. c3 Rb8 32. Kf1 Rb2 33. g3 Ng2
34. Ra1 Ne3+ 35. Kg1 d2 36. Nb4 axb4 37. cxb4 d1=Q+ 38. Rxd1 Nxd1 39. f4 Rb3
40. e5 Rxa3 41. f5 Rxg3+ 42. Kf1 Rxg4 43. b5 Rf4+ 44. Ke1 Rxf5 45. b6 Rxe5+ 46.
Kxd1 Rb5 47. Kd2 Rxb6 0-1

[Event "Nacional Sub 14 Femenino"]
[Site "Santiago de Cali Valle"]
[Date "????.??.??"]
[Round "4.10"]
[White "Castro, Natalia"]
[Black "Zapata, Keila"]
[Result "1-0"]
[WhiteElo "1655"]
[BlackElo "1606"]
[PlyCount "55"]
[EventDate "2007.03.30"]

1. e4 c5 2. Nf3 d6 3. d4 cxd4 4. Nxd4 Nf6 5. Nc3 a6 6. Be2 e5 7. Nb3 Be6 8. Bg5
Be7 9. Qd2 Nbd7 10. f3 Rc8 11. O-O O-O 12. f4 Nc5 13. Nxc5 Rxc5 14. f5 Bc4 15.
Rad1 Qb6 16. Be3 Bxe2 17. Qxe2 Qxb2 18. Bxc5 dxc5 19. Nd5 Nxd5 20. Rxd5 Re8 21.
Rfd1 Qxa2 22. Rxe5 h6 23. f6 gxf6 24. Qg4+ Kh7 25. Rh5 Qxc2 26. Rf1 Bd8 27. Qf4
Kg8 28. Qxh6 1-0

[Event "Nacional Sub 14 Femenino"]
[Site "Santiago de Cali Valle"]
[Date "????.??.??"]
[Round "4.11"]
[White "Zambrano, Jenny"]
[Black "Barbosa, Daniela"]
[Result "1-0"]
[WhiteElo "1411"]
[BlackElo "1461"]
[PlyCount "113"]
[EventDate "2007.03.30"]

1. e4 e5 2. Nf3 Nc6 3. Bc4 Bc5 4. b4 Bxb4 5. c3 Bc5 6. d4 exd4 7. cxd4 Bb4+ 8.
Bd2 Bxd2+ 9. Nbxd2 d6 10. h3 Bd7 11. Rb1 b6 12. Qe2 f6 13. d5 Na5 14. Bb5 Ne7
15. O-O c6 16. dxc6 Naxc6 17. Nc4 Qc7 18. Rfd1 a6 19. Bxc6 Bxc6 20. Nxd6+ Kf8
21. Qc4 Nc8 22. Nxc8 Rxc8 23. Qb4+ Ke8 24. Qxb6 Qxb6 25. Rxb6 Bb5 26. e5 fxe5
27. Re6+ Kf8 28. Rxe5 g6 29. Ng5 h6 30. Ne6+ Kf7 31. Nd4 Rhd8 32. Rd2 Bc6 33.
Nb3 Rxd2 34. Nxd2 Bb5 35. Ne4 Rd8 36. Nc3 Rd2 37. Nxb5 axb5 38. Rxb5 Rxa2 39.
Rb7+ Kf6 40. g4 g5 41. Kg2 Ra6 42. Kg3 Ra3+ 43. f3 Ra4 44. Rb5 Rf4 45. Rb3 Kg6
46. h4 Kf6 47. Re3 Kg6 48. hxg5 hxg5 49. Re4 Rf6 50. f4 gxf4+ 51. Rxf4 Rxf4 52.
Kxf4 Kg7 53. Kf5 Kf7 54. g5 Kg8 55. g6 Kf8 56. Kf6 Kg8 57. g7 1-0

[Event "Nacional Sub 14 Femenino"]
[Site "Santiago de Cali Valle"]
[Date "????.??.??"]
[Round "4.12"]
[White "Bonilla, Camila"]
[Black "Monsalve, Adriana"]
[Result "0-1"]
[WhiteElo "1300"]
[BlackElo "1613"]
[PlyCount "82"]
[EventDate "2007.03.30"]

1. e4 e5 2. Nf3 Nf6 3. Nxe5 d6 4. Nf3 Nxe4 5. Qe2 Qe7 6. d3 Nf6 7. Qxe7+ Bxe7
8. Be2 O-O 9. O-O Nc6 10. Nc3 Bd7 11. h3 Nb4 12. Bd1 c5 13. a3 Nc6 14. Bf4 d5
15. Nh2 d4 16. Ne4 Nd5 17. Bd6 f5 18. Bxe7 fxe4 19. Bxf8 Rxf8 20. dxe4 Nf6 21.
f3 b5 22. c3 dxc3 23. bxc3 a5 24. a4 b4 25. Bb3+ Kh8 26. cxb4 Nd4 27. Bd1 cxb4
28. e5 Nd5 29. Rc1 Nc3 30. Rf2 Bxa4 31. Bxa4 Nxa4 32. Rd2 Nb3 33. Rcd1 Nxd2 34.
Rxd2 b3 35. e6 b2 36. e7 b1=Q+ 37. Nf1 Qb8 38. Ne3 Re8 39. Nf5 g6 40. Rd8 Rxd8
41. exd8=Q+ Qxd8 0-1

[Event "Nacional Sub 14 Femenino"]
[Site "Santiago de Cali Valle"]
[Date "????.??.??"]
[Round "4.13"]
[White "Fiesco, Valentina"]
[Black "Maldonado, Lina"]
[Result "0-1"]
[WhiteElo "1592"]
[BlackElo "1496"]
[PlyCount "124"]
[EventDate "2007.03.30"]

1. d4 Nf6 2. c4 g6 3. Nc3 d5 4. e3 Bg7 5. Nf3 O-O 6. Bd3 c5 7. O-O Nc6 8. Qb3
dxc4 9. Qxc4 cxd4 10. exd4 Qd6 11. Bg5 Bg4 12. Be2 Be6 13. Qc5 Rfd8 14. Rad1
Rd7 15. Rd2 Rad8 16. Qxd6 Rxd6 17. Rfd1 Kf8 18. Bxf6 Bxf6 19. d5 Bxc3 20. bxc3
Rxd5 21. c4 Rxd2 22. Rxd2 Rxd2 23. Nxd2 Na5 24. f3 Ke8 25. Kf2 Kd7 26. Ke3 Kd6
27. Kd4 Nc6+ 28. Kc3 f5 29. g3 Kc5 30. Nb3+ Kd6 31. f4 h6 32. h4 Bf7 33. Bf3 b6
34. Nc1 Na5 35. Be2 e5 36. fxe5+ Kxe5 37. Nd3+ Ke4 38. Ne1 Ke3 39. Bd3 Kf2 40.
Nc2 Nc6 41. Na3 Kxg3 42. Nb5 Kxh4 43. Nd6 Be6 44. Kd2 Kg3 45. Ke3 h5 46. Ke2
Kg2 47. Ke3 h4 48. Nb5 h3 49. Nc3 h2 50. Be2 g5 51. Bf3+ Kh3 52. Bxc6 g4 53.
Ne2 Bxc4 54. Nf4+ Kg3 55. Nh5+ Kh4 56. Nf4 Bxa2 57. Kf2 g3+ 58. Kg2 Kg4 59. Ne6
Bxe6 60. Bf3+ Kf4 61. Be2 Bd5+ 62. Kf1 h1=Q# 0-1

[Event "Nacional Sub 14 Femenino"]
[Site "Santiago de Cali Valle"]
[Date "????.??.??"]
[Round "4.14"]
[White "Ruiz, Justine"]
[Black "Rodriguez, Sofia"]
[Result "1/2-1/2"]
[WhiteElo "1536"]
[BlackElo "1469"]
[PlyCount "76"]
[EventDate "2007.03.30"]

1. e4 e5 2. Nf3 Nc6 3. Bc4 Bc5 4. c3 Nf6 5. d4 exd4 6. e5 d5 7. Bb5 Ne4 8. cxd4
Bb4+ 9. Bd2 Bxd2+ 10. Nbxd2 Nxd2 11. Bxc6+ bxc6 12. Qxd2 Ba6 13. Ng1 O-O 14.
Ne2 f6 15. exf6 Qxf6 16. O-O Rae8 17. Rae1 h5 18. f3 Qg6 19. Rf2 Bc8 20. Ng3
Rxe1+ 21. Qxe1 Re8 22. Re2 Rxe2 23. Qxe2 h4 24. Nf1 Bh3 25. Ne3 Bf5 26. Nxf5
Qxf5 27. Qe8+ Kh7 28. h3 Qb1+ 29. Kh2 Qxb2 30. Qh5+ Kg8 31. Qxh4 c5 32. Qd8+
Kh7 33. Qxd5 cxd4 34. Qh5+ Kg8 35. Qe8+ Kh7 36. Qh5+ Kg8 37. Qe8+ Kh7 38. Qh5+
Kg8 1/2-1/2

[Event "Nacional Sub 14 Femenino"]
[Site "Santiago de Cali Valle"]
[Date "????.??.??"]
[Round "4.15"]
[White "Ocampo, Derly"]
[Black "Muñoz, Diana"]
[Result "1-0"]
[WhiteElo "1535"]
[BlackElo "1442"]
[PlyCount "121"]
[EventDate "2007.03.30"]

1. e4 c5 2. Nf3 d6 3. d4 cxd4 4. Nxd4 Nf6 5. Nc3 a6 6. Be3 e5 7. Nb3 Be6 8. Be2
Be7 9. O-O O-O 10. Kh1 Nc6 11. f4 exf4 12. Bxf4 d5 13. exd5 Bxd5 14. Nxd5 Nxd5
15. Bd2 Qd6 16. Rf3 Rad8 17. Qf1 Ne5 18. Rg3 Ng6 19. Rd3 Ngf4 20. Rd4 Nxe2 21.
Qxe2 Qg6 22. Rxd5 Rxd5 23. Qxe7 Qxc2 24. Qe1 h6 25. Qc1 Qg6 26. Qc3 Re8 27. Qg3
Qf6 28. Bc3 Qg6 29. Qxg6 fxg6 30. Nd4 Rg5 31. Nf3 Rg4 32. h3 Rge4 33. Re1 b5
34. Rxe4 Rxe4 35. a3 a5 36. Bxa5 Re2 37. Bc3 g5 38. Nd4 Rf2 39. Nxb5 Rf1+ 40.
Kh2 h5 41. a4 Ra1 42. a5 g4 43. hxg4 hxg4 44. Nc7 Kf7 45. a6 Ke7 46. Bd4 Kd7
47. Bb6 Kc8 48. a7 Kb7 49. a8=Q+ Rxa8 50. Nxa8 Kxa8 51. Kg3 Kb7 52. Bd4 g6 53.
Kxg4 Kc6 54. Kg5 Kd5 55. Kxg6 Kxd4 56. Kf6 Kc4 57. g4 Kb3 58. g5 Kxb2 59. g6
Kc3 60. g7 Kc4 61. g8=Q+ 1-0

[Event "Nacional Sub 14 Femenino"]
[Site "Santiago de Cali Valle"]
[Date "????.??.??"]
[Round "4.16"]
[White "Rios, Jessica"]
[Black "Zamora, Isabela"]
[Result "0-1"]
[WhiteElo "1400"]
[BlackElo "1507"]
[PlyCount "64"]
[EventDate "2007.03.30"]

1. e4 e5 2. Nf3 d6 3. d4 Nd7 4. Nc3 Be7 5. Bd2 Ngf6 6. Be2 O-O 7. O-O c6 8. b4
b5 9. Bd3 Bb7 10. d5 cxd5 11. Bxb5 dxe4 12. Ng5 a6 13. Bc4 h6 14. Nh3 Qc7 15.
Bb3 d5 16. a3 d4 17. Ne2 Qc6 18. Bc1 d3 19. c4 dxe2 20. Qxe2 Bc8 21. Nf4 exf4
22. Bxf4 Bd6 23. b5 axb5 24. cxb5 Qb6 25. Be3 Bc5 26. Bf4 Rxa3 27. Rab1 Bb7 28.
Be3 Bxe3 29. fxe3 Bd5 30. Bc2 Ra2 31. Qd1 Qxe3+ 32. Rf2 Rc8 0-1

[Event "Nacional Sub 14 Femenino"]
[Site "Santiago de Cali Valle"]
[Date "????.??.??"]
[Round "4.17"]
[White "Garcia, Linda"]
[Black "Chamorro, Maryori"]
[Result "0-1"]
[WhiteElo "1500"]
[BlackElo "1339"]
[PlyCount "42"]
[EventDate "2007.03.30"]

1. e4 e5 2. Nc3 Nf6 3. f4 Nc6 4. Nf3 d6 5. Bc4 Be6 6. Bb3 Bxb3 7. axb3 Be7 8.
O-O O-O 9. d4 Re8 10. fxe5 dxe5 11. dxe5 Qxd1 12. Rxd1 Bc5+ 13. Kh1 Nxe5 14.
Nxe5 Rxe5 15. Bf4 Re7 16. e5 Ng4 17. Bg3 Nf2+ 18. Bxf2 Bxf2 19. Rd5 c6 20. Rc5
Bxc5 21. Re1 Bd4 0-1

[Event "Nacional Sub 14 Femenino"]
[Site "Santiago de Cali Valle"]
[Date "????.??.??"]
[Round "4.18"]
[White "Fong, Shueling"]
[Black "Ruiz, Camila"]
[Result "0-1"]
[WhiteElo "1396"]
[BlackElo "1500"]
[PlyCount "90"]
[EventDate "2007.03.30"]

1. e4 c5 2. Nf3 d6 3. d4 cxd4 4. Nxd4 Nf6 5. Nc3 a6 6. Bd3 e5 7. Nf3 Be7 8. O-O
O-O 9. Re1 Be6 10. Ng5 Bd7 11. Be3 Bc6 12. Qd2 h6 13. Nf3 d5 14. Nxe5 d4 15.
Nxc6 Nxc6 16. Bxd4 Nxd4 17. e5 Nd5 18. Re4 Nxc3 19. Qxc3 Nc6 20. Rg4 f6 21.
Bc4+ Kh8 22. exf6 Bxf6 23. Qh3 Ne5 24. Re4 Nxc4 25. Rxc4 Rc8 26. Rxc8 Qxc8 27.
Qxc8 Rxc8 28. c3 Rd8 29. b4 Bxc3 30. Rb1 Bxb4 31. g3 a5 32. h4 b6 33. f4 Bc5+
34. Kg2 Rd2+ 35. Kh3 Rxa2 36. Rd1 a4 37. Kg4 Rg2 38. Rd8+ Kh7 39. Ra8 a3 40. f5
a2 41. f6 Bd4 42. f7 Rf2 43. f8=N+ Rxf8 44. Rxf8 a1=Q 45. Rd8 Qa4 0-1

[Event "Nacional Sub 14 Femenino"]
[Site "Santiago de Cali Valle"]
[Date "????.??.??"]
[Round "4.19"]
[White "Loaiza, Angelica"]
[Black "Garzon, Laura"]
[Result "0-1"]
[WhiteElo "1300"]
[BlackElo "1500"]
[PlyCount "48"]
[EventDate "2007.03.30"]

1. e4 e5 2. Bc4 Nf6 3. Nc3 Nxe4 4. Nxe4 d5 5. Bb5+ c6 6. Be2 dxe4 7. f3 exf3 8.
Nxf3 Bd6 9. d3 h6 10. Bd2 Be6 11. Ng1 O-O 12. Bc3 f5 13. Qd2 Nd7 14. O-O-O b5
15. Nf3 a5 16. b4 axb4 17. Bxb4 Bxb4 18. Qxb4 Rxa2 19. Kb1 Qa5 20. Qxa5 Rxa5
21. Rde1 Rfa8 22. Bd1 b4 23. Re2 Ra1+ 24. Kb2 R8a2# 0-1

[Event "Nacional Sub 14 Femenino"]
[Site "Santiago de Cali Valle"]
[Date "????.??.??"]
[Round "4.20"]
[White "Agudelo, Alejandra"]
[Black "Garcia, Mildrey"]
[Result "1-0"]
[WhiteElo "1393"]
[BlackElo "1373"]
[PlyCount "29"]
[EventDate "2007.03.30"]

1. e4 c5 2. Nf3 d6 3. Nc3 Nf6 4. d3 Nc6 5. Be2 Bg4 6. O-O e6 7. h3 Bh5 8. Re1
h6 9. b3 a6 10. a3 Be7 11. d4 cxd4 12. Nxd4 Nxd4 13. Qxd4 Bg6 14. Bf3 Qc7 15.
Qd2 {Planilla ilegible} 1-0

[Event "Nacional Sub 14 Femenino"]
[Site "Santiago de Cali Valle"]
[Date "????.??.??"]
[Round "4.21"]
[White "Mesa, Brenda"]
[Black "Tascon, Juliana"]
[Result "1-0"]
[WhiteElo "1550"]
[BlackElo "1300"]
[PlyCount "41"]
[EventDate "2007.03.30"]

1. e4 e5 2. Nf3 Nc6 3. Bb5 a6 4. Ba4 Nf6 5. O-O Nxe4 6. d4 exd4 7. Nxd4 Nxd4 8.
Qxd4 Qe7 9. Re1 f5 10. Nc3 Nxc3 11. Rxe7+ Bxe7 12. Qxc3 Bf6 13. Qxc7 Ke7 14.
Bf4 g5 15. Bd6+ Kf7 16. Bxd7 Kg6 17. Re1 Rd8 18. Be8+ Rxe8 19. Rxe8 h5 20. Rg8+
Bg7 21. Qxg7# 1-0

[Event "Nacional Sub 14 Femenino"]
[Site "Santiago de Cali Valle"]
[Date "????.??.??"]
[Round "5.1"]
[White "Pachon, Adriana"]
[Black "Salazar, Aura"]
[Result "0-1"]
[WhiteElo "1680"]
[BlackElo "1663"]
[PlyCount "140"]
[EventDate "2007.03.30"]

1. e4 c5 2. c3 d5 3. exd5 Qxd5 4. d4 g6 5. Nf3 Bg7 6. Be3 Nf6 7. Be2 cxd4 8.
cxd4 O-O 9. Nc3 Qd6 10. Qd2 Nc6 11. O-O Bf5 12. Rad1 Rfd8 13. Bf4 Qd7 14. Bb5
a6 15. Bxc6 Qxc6 16. Bh6 Nd5 17. Nxd5 Qxd5 18. Bxg7 Kxg7 19. a3 Be4 20. Qf4
Bxf3 21. Qxf3 Qxf3 22. gxf3 Rd5 23. Rfe1 Kf6 24. Re3 Rad8 25. Rb3 R8d7 26. Kf1
Kf5 27. Ke2 e5 28. Rdd3 exd4 29. Rb4 Kf4 30. a4 Ke5 31. Kd2 Rc5 32. Rdb3 Rcc7
33. Kd3 Kf4 34. Kd2 Kg5 35. Kd3 Kh4 36. Rxd4+ Kh3 37. Rbb4 Kxh2 38. Rxd7 Rxd7+
39. Ke2 Re7+ 40. Kf1 Kh3 41. Rg4 Rc7 42. Rb4 f5 43. Rb3 Kh4 44. Rb4+ Kg5 45.
Rb3 h5 46. Rb4 Kf6 47. Rb6+ Kg7 48. Kg2 Kh6 49. Rb4 Kg5 50. Kf1 h4 51. Kg2 Kh5
52. Rd4 Kg5 53. Rd5 Rc2 54. b3 Rc3 55. Rd4 Rxb3 56. Rc4 b5 57. axb5 axb5 58.
Rc1 b4 59. Rd1 Rb2 60. Rc1 b3 61. Rd1 Rc2 62. Re1 b2 63. Rb1 Kf6 64. f4 Ke6 65.
Re1+ Kd5 66. Rd1+ Kc4 67. Rb1 Kb3 68. Kh3 Ka2 69. Rxb2+ Kxb2 70. Kh2 Rxf2+ 0-1

[Event "Nacional Sub 14 Femenino"]
[Site "Santiago de Cali Valle"]
[Date "????.??.??"]
[Round "5.2"]
[White "Moreno, Ana Maria"]
[Black "Granada, Angie"]
[Result "0-1"]
[WhiteElo "1634"]
[BlackElo "1671"]
[PlyCount "42"]
[EventDate "2007.03.30"]

1. e4 c5 2. Nf3 d6 3. d4 cxd4 4. Nxd4 Nf6 5. Nc3 g6 6. Be3 Bg7 7. f3 O-O 8. Qd2
Nc6 9. Bc4 Bd7 10. O-O-O Rc8 11. Bb3 Nxd4 12. Bxd4 b5 13. e5 dxe5 14. Bxe5 Bc6
15. Bd5 Qa5 16. Bxf6 Bxf6 17. Bxc6 Rxc6 18. Qd5 Rfc8 19. Qb3 Bxc3 20. Rd7 Bf6
21. Kb1 Qb6 0-1

[Event "Nacional Sub 14 Femenino"]
[Site "Santiago de Cali Valle"]
[Date "????.??.??"]
[Round "5.3"]
[White "Fiesco, Ivon"]
[Black "Zapata, Zuleidy"]
[Result "1-0"]
[WhiteElo "1654"]
[BlackElo "1650"]
[PlyCount "76"]
[EventDate "2007.03.30"]

1. d4 d5 2. c4 e6 3. Nc3 c5 4. dxc5 d4 5. Nb5 Bxc5 6. Nf3 Nc6 7. Bf4 Bb4+ 8.
Bd2 Bxd2+ 9. Qxd2 e5 10. e3 a6 11. Na3 dxe3 12. Qxd8+ Kxd8 13. fxe3 Nf6 14.
Rd1+ Bd7 15. c5 Ne4 16. Nc4 Nxc5 17. Nfxe5 Ke7 18. Nb6 Nxe5 19. Nxa8 Rxa8 20.
Rd5 Rc8 21. Rxe5+ Be6 22. Kd2 Kf6 23. Rxe6+ Kxe6 24. Bc4+ Kf6 25. Rf1+ Ke5 26.
Bxf7 Ne4+ 27. Kd1 Rd8+ 28. Kc1 Rd2 29. Rd1 Rxg2 30. Bd5 b5 31. Bb7 Rg6 32. Kc2
Rg2+ 33. Kc1 Rg6 34. Kc2 Ng5 35. Rg1 h5 36. Kd3 Kf5 37. h4 Nf7 38. Rxg6 Kxg6 {
Planilla ilegible} 1-0

[Event "Nacional Sub 14 Femenino"]
[Site "Santiago de Cali Valle"]
[Date "????.??.??"]
[Round "5.4"]
[White "Pulido, Lina"]
[Black "Castrillon, Melissa"]
[Result "0-1"]
[WhiteElo "1585"]
[BlackElo "1618"]
[PlyCount "104"]
[EventDate "2007.03.30"]

1. e4 c5 2. c3 d5 3. exd5 Qxd5 4. d4 cxd4 5. cxd4 Nc6 6. Nf3 Nf6 7. Nc3 Qd8 8.
Be3 e6 9. a3 Be7 10. Bd3 O-O 11. Bc2 b6 12. Qd3 g6 13. h4 Ng4 14. h5 Nxe3 15.
Qxe3 Bf6 16. hxg6 fxg6 17. O-O-O Bg7 18. Ne5 Nxe5 19. dxe5 Qc7 20. Be4 Bxe5 21.
Kb1 Rb8 22. Ne2 Qg7 23. Nd4 Bd7 24. g3 Rbe8 25. Rd2 Bf6 26. Nc6 Bc8 27. Rhd1
Qf7 28. Qb3 Qc7 29. Qa4 a6 30. Qc2 Rf7 31. Rd3 Bb7 32. R3d2 Rc8 33. Rd6 Re8 34.
Qb3 Bxc6 35. Rxc6 Qe5 36. Qc2 Qa5 37. Qb3 Qe5 38. Qc2 Rb8 39. f4 Qh5 40. Rxe6
Qg4 41. Bd5 Kg7 42. Re3 Rc8 43. Qe2 Qxe2 44. Rxe2 Rd7 45. Red2 Re7 46. g4 h6
47. f5 Bg5 48. Rc2 Rxc2 49. Kxc2 Re2+ 50. Kb1 Bf6 51. b3 b5 52. Be6 a5 0-1

[Event "Nacional Sub 14 Femenino"]
[Site "Santiago de Cali Valle"]
[Date "????.??.??"]
[Round "5.5"]
[White "Calderon, Karen"]
[Black "Chavez, Diana"]
[Result "1-0"]
[WhiteElo "1483"]
[BlackElo "1603"]
[PlyCount "147"]
[EventDate "2007.03.30"]

1. d4 Nf6 2. Nf3 g6 3. Bf4 d5 4. h3 Bg7 5. e3 O-O 6. Bd3 c5 7. c3 Nc6 8. O-O
Kh8 9. Nbd2 a6 10. a4 Nd7 11. Rb1 e5 12. dxe5 Ndxe5 13. Nxe5 Nxe5 14. Be2 Bf5
15. Ra1 Nd3 16. Bxd3 Bxd3 17. Re1 c4 18. Nf3 Qd7 19. Rc1 b5 20. Ra1 b4 21. cxb4
Bxb2 22. Be5+ Bxe5 23. Nxe5 Qf5 24. Nxd3 cxd3 25. Ra3 Rab8 26. Qd2 Qe4 27. Rb1
Rfc8 28. Rxd3 a5 29. Qb2+ Kg8 30. Rd4 Qc2 31. b5 Qxb2 32. Rxb2 Rc4 33. Rxc4
dxc4 34. Rc2 Rc8 35. Kf1 Kf8 36. Ke2 Ke7 37. Kd2 Kd6 38. Kc3 Kc5 39. Rd2 Kb6
40. Rd4 h5 41. Rxc4 Rd8 42. Kc2 Rd5 43. Rc6+ Kb7 44. f4 g5 45. g3 gxf4 46. gxf4
Rd8 47. Rc5 Re8 48. Kd2 Re4 49. Rxh5 Rxa4 50. Rh7 Rb4 51. Rxf7+ Kb6 52. Rf8 a4
53. Rc8 a3 54. Rc1 a2 55. Ra1 Rb2+ 56. Kc3 Rh2 57. h4 Kxb5 58. h5 Ka4 59. h6
Ka3 60. f5 Rxh6 61. e4 Rc6+ 62. Kd4 Kb2 63. Rxa2+ Kxa2 64. e5 Rc8 65. Kd5 Kb3
66. Kd6 Kc4 67. f6 Kb5 68. e6 Rc6+ 69. Kd7 Kb6 70. f7 Rc7+ 71. Kd8 Kb7 72. f8=Q
Rc8+ 73. Ke7 Rxf8 74. Kxf8 1-0

[Event "Nacional Sub 14 Femenino"]
[Site "Santiago de Cali Valle"]
[Date "????.??.??"]
[Round "5.6"]
[White "Chirivi, Angie"]
[Black "Rodriguez, Paula"]
[Result "1-0"]
[WhiteElo "1543"]
[BlackElo "1705"]
[PlyCount "83"]
[EventDate "2007.03.30"]

1. e4 c5 2. Nf3 d6 3. c3 Nc6 4. h3 Nf6 5. Bd3 e6 6. Bc2 Be7 7. O-O O-O 8. a3
Bd7 9. Re1 Qc7 10. d4 cxd4 11. cxd4 e5 12. d5 Na5 13. Nc3 Nc4 14. Nd2 Nxd2 15.
Qxd2 h6 16. f4 exf4 17. Qxf4 Nh5 18. Qf3 Nf6 19. Kh1 Nh7 20. Qg3 Kh8 21. e5
dxe5 22. Qxe5 Bd6 23. Qd4 Kg8 24. Qd3 Nf6 25. Rf1 Rfe8 26. Bxh6 Nh5 27. Qh7+
Kf8 28. Qh8+ Ke7 29. Bg5+ f6 30. Qxh5 Rh8 31. Qg6 Kd8 32. Bxf6+ Kc8 33. Qxg7
Rf8 34. Bg6 b6 35. Be7 Rxf1+ 36. Rxf1 Be5 37. Qf8+ Kb7 38. Qf3 Bd6 39. Bxd6
Qxd6 40. Qf6 Qc7 41. d6 Qc6 42. Be4 1-0

[Event "Nacional Sub 14 Femenino"]
[Site "Santiago de Cali Valle"]
[Date "????.??.??"]
[Round "5.7"]
[White "Baquero, Yuri"]
[Black "Castro, Natalia"]
[Result "0-1"]
[WhiteElo "1631"]
[BlackElo "1655"]
[PlyCount "108"]
[EventDate "2007.03.30"]

1. e4 e5 2. Nf3 Nc6 3. Bc4 Bc5 4. c3 Nf6 5. d4 exd4 6. cxd4 Bb4+ 7. Bd2 Bxd2+
8. Nbxd2 d6 9. Bb5 Bd7 10. O-O O-O 11. Rc1 Re8 12. Re1 h6 13. a3 Nh7 14. Qc2
Rc8 15. Nb3 Ng5 16. Nfd2 Ne7 17. Bxd7 Qxd7 18. f3 Ng6 19. Kh1 Nh4 20. Na5 Qb5
21. Nac4 Qd7 22. Ne3 Ng6 23. Qb3 c6 24. Qc3 d5 25. e5 c5 26. Nc2 cxd4 27. Qxd4
Qf5 28. Nb4 Rxc1 29. Rxc1 Qxe5 30. Qxe5 Rxe5 31. h3 Re2 32. Rc2 Nf4 33. Nb3
Rxc2 34. Nxc2 Kf8 35. Nbd4 g6 36. Ne3 Nge6 37. Nb5 d4 38. Nd1 a6 39. Nd6 b5 40.
Ne4 Ke7 41. Kg1 f5 42. Nd2 Kd6 43. b4 Kd5 44. Nb2 d3 45. Nb3 Nd4 46. Nd2 Nc6
47. Nb1 Kd4 48. Kf2 Ne2 49. Nd1 Nc1 50. f4 Nb3 51. Kf3 a5 52. bxa5 Nbxa5 53.
Nb2 Nc4 54. Nxc4 Kxc4 0-1

[Event "Nacional Sub 14 Femenino"]
[Site "Santiago de Cali Valle"]
[Date "????.??.??"]
[Round "5.8"]
[White "Zamora, Isabela"]
[Black "Zambrano, Jenny"]
[Result "0-1"]
[WhiteElo "1507"]
[BlackElo "1411"]
[PlyCount "82"]
[EventDate "2007.03.30"]

1. e4 d5 2. exd5 Nf6 3. Bb5+ Bd7 4. Be2 Nxd5 5. d4 Nc6 6. Nf3 Bg4 7. c4 Nf6 8.
Be3 e6 9. Nc3 Bb4 10. Qd2 Ne4 11. a3 Nxd2 12. Bxd2 Bxc3 13. Bxc3 Bxf3 14. Bxf3
Nxd4 15. Bxd4 Qxd4 16. O-O O-O 17. b3 Rfd8 18. Rab1 Rab8 19. Rfd1 Qc5 20. a4
Qa3 21. Bxb7 Rxd1+ 22. Rxd1 Rxb7 23. Rd8+ Qf8 24. Rxf8+ Kxf8 25. Kf1 Rxb3 26.
Ke2 Ke7 27. f3 Ra3 28. Kf2 Rxa4 29. c5 a5 30. Ke3 Kd7 31. Kd3 Kc6 32. Ke3 Kxc5
33. Kf2 Kd4 34. g4 Ra2+ 35. Kg3 Ke5 36. h3 c5 37. Kh4 c4 38. g5 c3 39. Kh5 c2
40. h4 g6+ 41. Kh6 c1=Q 0-1

[Event "Nacional Sub 14 Femenino"]
[Site "Santiago de Cali Valle"]
[Date "????.??.??"]
[Round "5.9"]
[White "Ruiz, Camila"]
[Black "Mora, Monica"]
[Result "1/2-1/2"]
[WhiteElo "1500"]
[BlackElo "1688"]
[PlyCount "38"]
[EventDate "2007.03.30"]

1. e4 e5 2. Nf3 Nc6 3. Bc4 Nf6 4. Ng5 d5 5. exd5 Na5 6. Bb5+ c6 7. dxc6 bxc6 8.
Bd3 h6 9. Ne4 Bb7 10. Nxf6+ Qxf6 11. b3 c5 12. O-O Qg5 13. f3 h5 14. Be4 f5 15.
Bxb7 Nxb7 16. d4 f4 17. dxe5 Rd8 18. Nd2 Rh6 19. Qe2 Re6 1/2-1/2

[Event "Nacional Sub 14 Femenino"]
[Site "Santiago de Cali Valle"]
[Date "????.??.??"]
[Round "5.10"]
[White "Monsalve, Adriana"]
[Black "Gaviria, Angelica"]
[Result "1-0"]
[WhiteElo "1613"]
[BlackElo "1327"]
[PlyCount "59"]
[EventDate "2007.03.30"]

1. e4 e5 2. Nf3 Nc6 3. Bc4 Bc5 4. O-O Nf6 5. d4 exd4 6. e5 Na5 7. exf6 Nxc4 8.
fxg7 Rg8 9. Re1+ Be7 10. Bg5 Nxb2 11. Qxd4 c5 12. Qxb2 b6 13. Rxe7+ Qxe7 14.
Bxe7 Kxe7 15. Nbd2 Bb7 16. Re1+ Kd8 17. Qf6+ Kc7 18. Qxf7 Rad8 19. Ne4 Bxe4 20.
Rxe4 a5 21. Ng5 Kb7 22. Re7 Ka6 23. Rxd7 Rde8 24. g3 Re1+ 25. Kg2 Rge8 26. g8=Q
Rxg8 27. Qxg8 h6 28. Qc4+ b5 29. Qxc5 b4 30. Qc6# 1-0

[Event "Nacional Sub 14 Femenino"]
[Site "Santiago de Cali Valle"]
[Date "????.??.??"]
[Round "5.11"]
[White "Chamorro, Maryury"]
[Black "Renteria, Manuela"]
[Result "0-1"]
[WhiteElo "1339"]
[BlackElo "1605"]
[PlyCount "102"]
[EventDate "2007.03.30"]

1. e4 e5 2. Nf3 d6 3. h3 Nd7 4. d4 Be7 5. Bc4 c6 6. Nc3 Ngf6 7. dxe5 dxe5 8.
O-O b5 9. Bd3 O-O 10. a3 Qc7 11. b4 a6 12. Be3 Re8 13. Re1 Nf8 14. Rc1 Ng6 15.
Ne2 Bd7 16. c3 Rad8 17. Qc2 c5 18. bxc5 Bxc5 19. Bxc5 Qxc5 20. c4 bxc4 21. Qxc4
Qxc4 22. Bxc4 Nxe4 23. Bxa6 Bc6 24. Bc4 Nd6 25. Bb3 Bxf3 26. gxf3 Nf5 27. Rcd1
Nfh4 28. Ba4 Nxf3+ 29. Kf1 Nxe1 30. Rxd8 Rxd8 31. Kxe1 Ra8 32. Nc3 Nf4 33. h4
Ng2+ 34. Ke2 Nxh4 35. Ke3 Nf5+ 36. Ke4 Nd6+ 37. Kxe5 Nc4+ 38. Kd4 Nb6 39. Bc6
Rxa3 40. f4 h5 41. f5 h4 42. Ne2 h3 43. Nf4 h2 44. Kc5 Nc8 45. Nh5 Ne7 46. Be4
Rh3 47. f6 Rxh5+ 48. Kd6 Nc8+ 49. Kc7 gxf6 50. Kxc8 h1=Q 51. Bxh1 Rxh1 0-1